Diseño del alcantarillado sanitario para la ciudad de Acoyapa

Presenta un diseño del alcantarillado sanitario para la ciudad de Acoyapa, en los cuales los principales problemas epidemiológicos de la localidad de Acoyapa, tienen su causa directa e indirecta, en la inexistencia de un sistema de alcantarillado sanitario, razón por la cual, en las calles las a...

Full description

Bibliographic Details
Main Authors: Abea Núñez, Gerald, Flores Sevilla Jader, Flores Sevilla Jader
Other Authors: Tutor: Lanza Mejía, Nestor Javier
Format: Tesis Section = Libro
Language:Undetermined
Spanish
Published: Managua UNI 2002
Subjects:
LEADER 01397nam a2200265Ia 4500
008 240830s9999 xx 000 0 und d
040 |a BIBLIOTECA-RUPAP Mon 628.2 A138 
041 |a spa 
082 |a Mon 628.2 A138 
100 1 |a Abea Núñez, Gerald, Flores Sevilla Jader 
100 1 |b  Flores Sevilla Jader 
245 1 0 |a Diseño del alcantarillado sanitario para la ciudad de Acoyapa 
260 |a Managua  |b UNI  |c 2002 
300 |a 78 p. :il. 
500 |a Contiene: anexos. 
502 |a Tesis (Ingeniero Civil)- UNI, 2002. 
520 3 |a Presenta un diseño del alcantarillado sanitario para la ciudad de Acoyapa, en los cuales los principales problemas epidemiológicos de la localidad de Acoyapa, tienen su causa directa e indirecta, en la inexistencia de un sistema de alcantarillado sanitario, razón por la cual, en las calles las aguas servidas producidas por las actividades domésticas de la población, escurren y se estancan permanentemente provocando malos olores y el deterioro del aspecto estético de la localidad, además la pendiente misma del terreno, obliga a que las aguas residuales escuran hacia el rio Acoyapa. 
650 7 |a ALCANTARILLADO SANITARIO-DISEÑO 
650 7 |b INGENIERIA SANITARIA 
650 7 |c INSTALACIONES SANITARIAS 
650 7 |d DRENAJE 
700 1 |a Tutor:  |b Lanza Mejía, Nestor Javier 
942 |c BK  |2 ddc 
991 |a TESIS 
999 |c 16286